| 000 | 00996nam a22003017a 4500 | ||
|---|---|---|---|
| 001 | 4590 | ||
| 003 | FISKH | ||
| 005 | 20240917141847.0 | ||
| 008 | 240917b cb ||||| |||| 00| 0 eng d | ||
| 020 | _a9780439446150 | ||
| 040 |
_aFISKH _beng _cFISKH _dFISKH |
||
| 050 | _aPZ7.B14032 | ||
| 082 | _2823.914 | ||
| 100 |
_aM.Baglio, Ben _d1960- |
||
| 245 |
_aDancing the seas (Dophin diaries) / _cBen M.Baglio Illustrations by Judith Lawton |
||
| 250 | _aFirst printing in 2002 | ||
| 260 |
_aLondon : _bScholastic, _c2002. |
||
| 300 |
_a158 pages : _billustrations ; _c20cm |
||
| 505 | _aR | ||
| 520 | _aIn the Marquesas Islands, Jody sees a large group of spotted and spinner dolphins. She meets Lew and Monique and sees the operation of a dolphin friendly tuna boat. | ||
| 521 | 8 |
_a750L
_bLexile |
|
| 521 | 8 |
_aR
_bRaz-Plus |
|
| 650 |
_2Dolphins _aFiction |
||
| 650 |
_2Juvenile fiction _aAnimals |
||
| 700 |
_aLawton, Judith _dIllustrator |
||
| 942 |
_2ddc _cBK _n0 |
||
| 999 |
_c4590 _d4590 |
||